000 00451nam a2200169Ia 4500
008 130318s9999 xx 000 0 und d
020 _a020170353x
082 _a005.133C++ KOE/A
100 _aKoeing, Andrew
245 _aAccelerated C++ practical programming by example
260 _bAddison Wesley
_aBoston
_c2000
300 _a336
440 _aC++ In Depth Series
650 _aC++
650 _aPROGRAMMING LANGUAGE
700 _aMoo, Barbara E
999 _c1402
_d1402